K niektorým špecifikám kreovania politických strán v Slovenskej a v Českej republike po roku 1989

Guardado en:
Detalles Bibliográficos
Autor principal: Liďák, Ján
Formato: Capítulo de libro
Lenguaje:eslovaco
Etiquetas: Agregar Etiqueta
Sin Etiquetas, Sea el primero en etiquetar este registro!

MARC

LEADER 00000nla a2200000 4500
001 0174255
005 20240502083414.8
041 0 |a slo 
044 |a HU 
245 1 0 |a K niektorým špecifikám kreovania politických strán v Slovenskej a v Českej republike po roku 1989  |c Ján Liďák 
100 1 |a Liďák, Ján